000 01298nam a22002057a 4500
999 _c62771
_d62771
003 Ge_BSU
005 20250211104010.0
008 250211s2014 ge ||||| |||| 00| 0 geo d
041 _ageo
080 _a 94(479.223-21)(084.12) მ-80
245 _aმოგზაურობა ძველ ბათუმში :
_b[სტატიები] /
_cშეადგინა ნანა კვაჭაძემ; რედ. ანა ჭაბაშვილი; იდეის ავტ.: ნესტან ცეცხლაძე, ეთერ თურაძე ; დიზაინი: ეკა ბერიძე, ია ფრანგიშვილი.
264 _aბათუმი :
_bგაზეთი "ბათუმელები",
_c2014.
300 _a228 გვ. :
_bფოტ. ;
_c22 სმ.
653 _aბათუმის ისტორია
700 _aკვაჭაძე, ნ. (ნანა)
_eავტორი
_924306
700 _aჭიჭილეიშვილი, მ. (მაია)
_eავტორი
_923640
700 _aგუჯაბიძე, შ. (შოთა) და სხვ.
_eავტორი
_924307
700 _aჭაბაშვილი, ა. ანა,
_eრედაქტოი
_924308
942 _2udc
_cᲬᲘᲒᲜᲘ